Statistics for All 20 Diddy Kong Racing Tracks

Click here to take the quiz!

General Stats

  • This quiz has been taken 44 times
  • The average score is 15 of 20

Answer Stats

Area#Tracks% Correct
Dino Domain1Ancient Lake
90%
Sherbet Island13Pirate Lagoon
90%
Dino Domain5Hot Top Volcano
86%
Dragon Forest22Haunted Woods
83%
Dino Domain2Fossil Canyon
79%
Snowflake Mountain9Frosty Village
79%
Snowflake Mountain6Snowball Valley
79%
Snowflake Mountain3Walrus Cove
79%
Sherbet Island10Whale Bay
79%
Sherbet Island11Crescent Island
76%
Dragon Forest17Greenwood Village
76%
Snowflake Mountain2Everfrost Peak
72%
Future Fun Land42Star City
72%
Dragon Forest20Boulder Canyon
69%
Dino Domain3Jungle Falls
66%
Future Fun Land40Darkmoon Caverns
62%
Future Fun Land39Spacedust Alley
62%
Future Fun Land41Spaceport Alpha
62%
Sherbet Island16Treasure Caves
62%
Dragon Forest16Windmill Plains
62%

Score Distribution

Percentile by Number Answered

Percent of People with Each Score

Your Score History

You have not taken this quiz